MARC

LEADER 00000nam0a2200000 4500
001 35549
005 20231030234049.0
035 |a (RuTPU)RU\TPU\book\35983 
035 |a BOOK00002635 
090 |a 35549 
100 |a 20011210d1987 km y0rusy50 ca 
101 0 |a rus 
102 |a RU 
105 |a a z 000zy 
200 1 |a Автоматический химический контроль теплоносителя ТЭС  |f Л. М. Живилова, Г. П. Маркин 
210 |a Москва  |c Энергоатомиздат  |d 1987 
215 |a 109 с. 
225 1 |a Библиотека теплотехника 
610 1 |a тепловые электростанции 
610 1 |a водное хозяйство 
610 1 |a вода 
610 1 |a химический контроль 
610 1 |a схемы 
610 1 |a анализаторы воды 
610 1 |a примеси 
610 1 |a измерения 
610 1 |a погрешности измерений 
675 |a 621.311.22.002.5:621.182.1  |v 3 
700 1 |a Живилова  |b Л. М.  |g Людмила Михайловна 
701 1 |a Маркин  |b Г. П.  |g Геннадий Павлович 
801 0 |a RU  |b 63413507  |c 20011210  |g PSBO 
801 2 |a RU  |b 63413507  |c 20140918  |g PSBO 
900 |a Метрология и технологические измерения на ТЭС 
942 |c BK